[Event "SC Siegburg 1 - SV Erkenschwick 1"]
[Site "Oberliga NRW 2021/2022"]
[Date "2022.03.13"]
[Round "7.6"]
[White "Dzierzenga, Stefan"]
[Black "Langers, Alexander"]
[Result "1/2-1/2"]
[WhiteElo "2116"]
[BlackElo "2239"]
[PlyCount "29"]
[EventDate "2022.??.??"]
[SourceVersionDate "2020.03.16"]
[WhiteTeam "SC Siegburg 1"]
[BlackTeam "SV Erkenschwick 1"]

1. e4 c5 2. Nc3 Nc6 3. g3 Nf6 4. Bg2 d6 5. Nh3 e5 6. O-O Be7 7. d3 h6 8. f4 Bg4
9. Qd2 Nd4 10. Nf2 Bf3 11. Nfd1 Bxg2 12. Qxg2 Qd7 13. Ne3 O-O-O 14. Ncd5 exf4
15. Rxf4 1/2-1/2

[Event "SC Siegburg 1 - SV Erkenschwick 1"]
[Site "Oberliga NRW 2021/2022"]
[Date "2022.03.13"]
[Round "7.7"]
[White "Homs, Guust"]
[Black "Kolkin, Michail"]
[Result "1/2-1/2"]
[WhiteElo "2130"]
[BlackElo "2319"]
[PlyCount "33"]
[EventDate "2022.??.??"]
[SourceVersionDate "2020.03.16"]
[WhiteTeam "SV Erkenschwick 1"]
[BlackTeam "SC Siegburg 1"]

1. e4 c5 2. c3 b6 3. d4 Bb7 4. Bd3 cxd4 5. cxd4 Nc6 6. Nf3 Nb4 7. Nc3 Nxd3+ 8.
Qxd3 g6 9. O-O Bg7 10. d5 d6 11. Be3 Nf6 12. Rac1 O-O 13. Rfd1 Nd7 14. Bd4 Bh6
15. Be3 Bg7 16. Bd4 Bh6 17. Be3 1/2-1/2

[Event "SC Siegburg 1 - SV Erkenschwick 1"]
[Site "Oberliga NRW 2021/2022"]
[Date "2022.03.13"]
[Round "7.8"]
[White "Breest, Axel"]
[Black "Strozewski, Frank"]
[Result "0-1"]
[WhiteElo "1932"]
[BlackElo "1986"]
[PlyCount "58"]
[EventDate "2022.??.??"]
[SourceVersionDate "2020.03.16"]
[WhiteTeam "SC Siegburg 1"]
[BlackTeam "SV Erkenschwick 1"]

1. e4 d6 2. Nc3 g6 3. f4 Bg7 4. Nf3 Nc6 5. Bc4 e6 6. a3 Nge7 7. Ba2 O-O 8. O-O
Nd4 9. d3 c5 10. Ne2 Nxf3+ 11. Rxf3 d5 12. e5 d4 13. Ng3 b6 14. Ne4 Bb7 15. Rh3
Qd7 16. Qe1 Qc6 17. Qh4 Rfe8 18. Qxh7+ Kf8 19. Rf3 Nf5 20. g4 Ke7 21. gxf5 gxf5
22. Ng5 Rg8 23. Kf2 Raf8 24. Qh4 f6 25. Rg3 fxg5 26. fxg5 Rh8 27. Qf4 Rxh2+ 28.
Kf1 Rfh8 29. Rg1 Rg2 0-1

[Event "Bochumer SV 1 - SF Brackel 1"]
[Site "Oberliga NRW 2021/2022"]
[Date "2022.03.13"]
[Round "7.1"]
[White "Fiebig, Thomas"]
[Black "Zatonskih, Anna"]
[Result "1/2-1/2"]
[WhiteElo "2415"]
[BlackElo "2426"]
[Annotator "daniel"]
[PlyCount "200"]
[EventDate "2022.??.??"]
[SourceVersionDate "2020.03.16"]
[WhiteTeam "SF Brackel 1"]
[BlackTeam "Bochumer SV 1"]

1. e4 e6 2. d4 d5 3. Nc3 dxe4 4. Nxe4 Bd7 5. Nf3 Bc6 6. Bd3 Nd7 7. O-O Ngf6 8.
Qe2 Nxe4 9. Bxe4 Bxe4 10. Qxe4 c6 11. Bf4 Be7 12. c4 O-O 13. Rfd1 Qa5 14. h3
Rfe8 15. Qc2 b5 16. c5 Qa6 17. a4 b4 18. Qb3 Qa5 19. Rac1 Nf6 20. Ne5 Rec8 21.
Bg5 Qc7 22. Qf3 Bd8 23. Bf4 Nd5 $11 24. Bg3 Qe7 25. Bh4 Qe8 26. Bg3 Bc7 27. Nc4
Bxg3 28. Qxg3 Qe7 29. Rd3 Rc7 30. Re1 Rd8 31. Nd6 Qf6 32. Re4 Qh6 33. Kh2 Rcd7
34. Re1 Qf4 35. Qxf4 Nxf4 36. Rd2 Nd5 37. g3 Ne7 38. Red1 Nf5 39. Nxf5 exf5 40.
d5 Rxd5 41. Rxd5 cxd5 42. Kg2 Kf8 43. c6 g6 44. c7 Rc8 45. Rxd5 Rxc7 46. Rb5 a5
47. Rxa5 Rc2 48. Rb5 Rxb2 49. a5 b3 50. h4 Ra2 51. Rxb3 Rxa5 52. Rb7 Kg7 53.
Rc7 Ra6 54. Rb7 Re6 55. Rb5 Kf6 56. Ra5 Re7 57. Rb5 Kg7 58. Ra5 Rb7 59. Rc5 Ra7
60. Rb5 Ra4 61. Rc5 h6 62. f4 Ra6 63. Rb5 Kf6 64. Kf3 Ke6 65. Re5+ Kd6 66. Rb5
Rc6 67. Ra5 Ke6 68. Re5+ Kf6 69. Ra5 Rc3+ 70. Kf2 Rd3 71. Rb5 Ke6 72. Re5+ Kd6
73. Re8 Kd7 74. Rh8 h5 75. Ra8 Rd6 76. Ra7+ Ke6 77. Ra5 Rb6 78. Kf3 Kf6 79. Rc5
Kg7 80. Ra5 Rb7 81. Rc5 Kf8 82. Re5 Rb6 83. Kf2 Re6 84. Ra5 Ke7 85. Ra7+ Kf6
86. Kf3 Rc6 87. Rb7 Ke6 88. Ra7 Rd6 89. Ra5 Rd7 90. Re5+ Kd6 91. Ra5 Rb7 92.
Ke3 Re7+ 93. Kf3 Kc6 94. Kf2 Rd7 95. Kf3 Rc7 96. Kf2 Kd6 97. Kf3 Rc3+ 98. Kf2
Rc5 99. Ra7 Ke6 100. Kf3 Rc3+ 1/2-1/2

[Event "Bochumer SV 1 - SF Brackel 1"]
[Site "Oberliga NRW 2021/2022"]
[Date "2022.03.13"]
[Round "7.2"]
[White "Illner, Achim"]
[Black "Luft, Dennis"]
[Result "1/2-1/2"]
[WhiteElo "2447"]
[BlackElo "2263"]
[PlyCount "109"]
[EventDate "2022.??.??"]
[SourceVersionDate "2020.03.16"]
[WhiteTeam "Bochumer SV 1"]
[BlackTeam "SF Brackel 1"]

1. d4 Nf6 2. Nf3 e6 3. c4 d5 4. Nc3 Bb4 5. Qa4+ Nc6 6. e3 Bd7 7. Qc2 O-O 8. Bd2
Re8 9. a3 Bxc3 10. Bxc3 Ne4 11. Bd3 Nxc3 12. bxc3 h6 13. O-O Na5 14. cxd5 exd5
15. Ne5 b5 16. a4 Nc4 17. Nxd7 Qxd7 18. axb5 Qxb5 19. Rfb1 Qc6 20. Qa4 Re6 21.
Qxc6 Rxc6 22. Rxa7 Rc8 23. Bxc4 Rxc4 24. Rb3 c5 25. g4 Rd8 26. h4 g5 27. hxg5
hxg5 28. Ra5 Rc8 29. Kg2 Rc6 30. Kg3 Kg7 31. f4 Re6 32. Kf3 gxf4 33. Kxf4 Kf6
34. Kf3 Re4 35. Rb6+ Kg7 36. Rxc5 Rxc5 37. dxc5 Rc4 38. c6 Kf6 39. c7+ Ke5 40.
Rb7 Ke6 41. g5 Rxc3 42. Kg4 Rc1 43. Rb6+ Ke7 44. Kf5 Rxc7 45. Ke5 Rc3 46. Rb7+
Kf8 47. Kd4 Rc4+ 48. Kxd5 Rg4 49. e4 Rxg5+ 50. e5 Rg6 51. Rb8+ Ke7 52. Rb7+ Kf8
53. Rb8+ Ke7 54. Rb7+ Kf8 55. Rb8+ 1/2-1/2

[Event "Bochumer SV 1 - SF Brackel 1"]
[Site "Oberliga NRW 2021/2022"]
[Date "2022.03.13"]
[Round "7.3"]
[White "Fluechter, Gregor"]
[Black "Friedmann, Rafael"]
[Result "1/2-1/2"]
[WhiteElo "2230"]
[BlackElo "2382"]
[PlyCount "30"]
[EventDate "2022.??.??"]
[SourceVersionDate "2020.03.16"]
[WhiteTeam "SF Brackel 1"]
[BlackTeam "Bochumer SV 1"]

1. e4 d5 2. exd5 Qxd5 3. Nf3 Nf6 4. d4 c6 5. Be2 Bg4 6. h3 Bh5 7. O-O e6 8. c4
Qd8 9. Nc3 Bd6 10. Bg5 Be7 11. Qb3 Qb6 12. Qxb6 axb6 13. a3 Nbd7 14. Rad1 h6
15. Bf4 O-O 1/2-1/2

[Event "Bochumer SV 1 - SF Brackel 1"]
[Site "Oberliga NRW 2021/2022"]
[Date "2022.03.13"]
[Round "7.4"]
[White "Schneider, Bernd"]
[Black "Steinmetzer, Thomas"]
[Result "1/2-1/2"]
[WhiteElo "2265"]
[BlackElo "2202"]
[PlyCount "72"]
[EventDate "2022.??.??"]
[SourceVersionDate "2020.03.16"]
[WhiteTeam "Bochumer SV 1"]
[BlackTeam "SF Brackel 1"]

1. c4 e6 2. Nc3 d5 3. d4 c6 4. e3 Nf6 5. Nf3 Nbd7 6. b3 Bb4 7. Bd2 Qe7 8. Qc2
O-O 9. Rd1 Re8 10. cxd5 exd5 11. Bd3 Nf8 12. h3 Be6 13. O-O Rad8 14. Ne5 a6 15.
Bxa6 bxa6 16. Nxc6 Qb7 17. Nxd8 Rxd8 18. Na4 Rc8 19. Qd3 Bd6 20. Rc1 Ne4 21.
Rxc8 Qxc8 22. Rc1 Qd8 23. Nc5 Bxc5 24. dxc5 Qg5 25. f4 Qg6 26. Be1 Bxh3 27. Qf1
Bd7 28. c6 Bc8 29. Bb4 h5 30. Bxf8 Kxf8 31. Qe1 Qg4 32. Qd1 Qg3 33. Qf3 Qg6 34.
Qd1 Qg3 35. Qf3 Qg6 36. Qd1 Qg3 1/2-1/2

[Event "Bochumer SV 1 - SF Brackel 1"]
[Site "Oberliga NRW 2021/2022"]
[Date "2022.03.13"]
[Round "7.5"]
[White "Korten, Lando"]
[Black "Heinbuch, Detlef Ulrich"]
[Result "0-1"]
[WhiteElo "2178"]
[BlackElo "2181"]
[Annotator "daniel"]
[PlyCount "120"]
[EventDate "2022.??.??"]
[SourceVersionDate "2020.03.16"]
[WhiteTeam "SF Brackel 1"]
[BlackTeam "Bochumer SV 1"]

1. d4 d5 2. c4 dxc4 3. Nf3 c5 4. e3 e6 5. Bxc4 a6 6. Ne5 Nf6 7. O-O Nbd7 8. Nd2
cxd4 9. exd4 Nb6 10. Qf3 Nxc4 11. Ndxc4 Be7 12. a4 O-O 13. a5 Nd5 14. Re1 Bd7
15. Qg3 Kh8 16. Qf3 $11 Be8 17. Be3 Rc8 18. Rec1 Kg8 19. b3 Bc6 20. Qg3 Kh8 21.
Ra2 Bb4 22. Nd3 Be7 23. Nc5 Bh4 24. Qe5 Bf6 25. Qh5 Kg8 26. Qe2 Qe7 27. h3 Rfd8
28. Ne5 Bb5 29. Qe1 g6 30. Rac2 Ra8 31. Bh6 Rab8 32. Qe4 Nb4 33. Rd2 Nc6 34.
Be3 Rd5 35. Nxc6 bxc6 36. f4 Rbd8 37. Rcd1 Qc7 38. b4 Be7 39. Kf2 Bxc5 40. dxc5
Ba4 41. Rxd5 exd5 42. Qd4 Bxd1 43. Qf6 d4 44. Bxd4 Rxd4 45. Qxd4 Ba4 46. f5
gxf5 47. Qf6 Qf4+ 48. Kg1 Bb5 49. h4 h6 50. Kh1 Qe3 51. Kh2 Qe6 52. Qd8+ Kg7
53. Qd4+ Kg6 54. Qf4 Qe4 55. Qd6+ Kh5 56. Qf8 Qxh4+ 57. Kg1 Qe1+ 58. Kh2 Qe5+
59. Kh3 Kg6 60. Kh4 Qh2# 0-1

[Event "Bochumer SV 1 - SF Brackel 1"]
[Site "Oberliga NRW 2021/2022"]
[Date "2022.03.13"]
[Round "7.6"]
[White "Kiese, Matthias"]
[Black "Goldschmidt, Christian"]
[Result "1/2-1/2"]
[WhiteElo "2163"]
[BlackElo "2184"]
[PlyCount "89"]
[EventDate "2022.??.??"]
[SourceVersionDate "2020.03.16"]
[WhiteTeam "Bochumer SV 1"]
[BlackTeam "SF Brackel 1"]

1. d4 d5 2. Nf3 Nf6 3. c4 e6 4. Nc3 c5 5. cxd5 cxd4 6. Qxd4 exd5 7. e4 Nc6 8.
Bb5 dxe4 9. Qxd8+ Kxd8 10. Ng5 Be6 11. Nxe6+ fxe6 12. Bxc6 bxc6 13. Bg5 Bb4 14.
O-O-O+ Kc7 15. Bxf6 gxf6 16. Nxe4 Be7 17. Rhe1 Rad8 18. Kc2 Rxd1 19. Rxd1 f5
20. Nd2 Rg8 21. g3 h5 22. Re1 Kd7 23. Nc4 h4 24. Ne5+ Kc7 25. Nd3 hxg3 26. hxg3
Kd7 27. Rh1 Bf6 28. Rh7+ Rg7 29. Rh8 Kd6 30. Rf8 Bd4 31. Rd8+ Rd7 32. Rf8 c5
33. b3 Rh7 34. Kd2 Rh2 35. Ke2 Ke7 36. Ra8 c4 37. bxc4 e5 38. c5 e4 39. Rxa7+
Kd8 40. Nf4 Bxf2 41. Kf1 Bxg3 42. Ne6+ Ke8 43. Ng7+ Kf8 44. Ne6+ Ke8 45. Ng7+
1/2-1/2

[Event "Bochumer SV 1 - SF Brackel 1"]
[Site "Oberliga NRW 2021/2022"]
[Date "2022.03.13"]
[Round "7.7"]
[White "Garbuz, Vitaliy"]
[Black "Pewny, Uwe"]
[Result "1-0"]
[WhiteElo "2099"]
[BlackElo "2182"]
[PlyCount "87"]
[EventDate "2022.??.??"]
[SourceVersionDate "2020.03.16"]
[WhiteTeam "SF Brackel 1"]
[BlackTeam "Bochumer SV 1"]

1. e4 c5 2. d4 cxd4 3. c3 dxc3 4. Nxc3 Nc6 5. Nf3 d6 6. Bc4 a6 7. O-O Nf6 8.
Bf4 Bg4 9. h3 Bxf3 10. Qxf3 e6 11. Rfd1 Qa5 12. Be2 Ne5 13. Qg3 Be7 14. b4 Qxb4
15. Rab1 Qa5 16. Rxb7 Nfd7 17. Bd2 Qd8 18. Qxg7 Bf6 19. Qh6 Nc5 20. Rbb1 Rg8
21. Be3 Qe7 22. Bxc5 dxc5 23. Bxa6 Bg7 24. Qe3 Nd7 25. Rxd7 Kxd7 26. Rb7+ Kd8
27. Rxe7 Bd4 28. Qd3 Kxe7 29. Ne2 Rgd8 30. Qc4 Kf6 31. a4 h5 32. g3 Ra7 33. Kg2
Kg7 34. Nxd4 cxd4 35. Qc5 Raa8 36. Qg5+ Kf8 37. Qc5+ Kg7 38. Qg5+ Kf8 39. Bd3
Rac8 40. Qxh5 Rc3 41. Qb5 e5 42. a5 f6 43. a6 Rc7 44. Qb6 1-0

[Event "Bochumer SV 1 - SF Brackel 1"]
[Site "Oberliga NRW 2021/2022"]
[Date "2022.03.13"]
[Round "7.8"]
[White "Berndt, Joachim"]
[Black "Skabs, Denis"]
[Result "0-1"]
[WhiteElo "2028"]
[BlackElo "2005"]
[PlyCount "88"]
[EventDate "2022.??.??"]
[SourceVersionDate "2020.03.16"]
[WhiteTeam "Bochumer SV 1"]
[BlackTeam "SF Brackel 1"]

1. c4 e6 2. e4 d5 3. cxd5 exd5 4. exd5 Qxd5 5. Nc3 Qe6+ 6. Be2 Nf6 7. Nf3 Bd6
8. Nb5 O-O 9. Nxd6 Qxd6 10. O-O Bg4 11. h3 Bh5 12. Qb3 Qb6 13. Qc4 Nc6 14. g4
Bg6 15. b3 Rfe8 16. Bb2 Re4 17. Qb5 Rae8 18. Qxb6 axb6 19. Bd3 Rf4 20. Bxg6
hxg6 21. Kg2 Nd5 22. Rfe1 Rfe4 23. Rxe4 Rxe4 24. Kg3 Ndb4 25. Ne1 Re2 26. Ba3
Rxd2 27. Bxb4 Nxb4 28. Rc1 c6 29. Nf3 Rxa2 30. Rd1 Nd5 31. Re1 Ra8 32. g5 f6
33. h4 Kf7 34. Nd2 Re8 35. Ra1 b5 36. Ra7 Re7 37. f3 Nc3 38. b4 Nd5 39. Ne4
Nxb4 40. Nd6+ Ke6 41. gxf6 gxf6 42. Ne4 Na6 43. Ra8 b4 44. Rd8 Ke5 0-1

[Event "SV Wattenscheid 1 - SV Mülheim-Nord 2"]
[Site "Oberliga NRW 2021/2022"]
[Date "2022.03.13"]
[Round "7.1"]
[White "Buckels, Valentin"]
[Black "Koscielski, Janusz"]
[Result "1-0"]
[WhiteElo "2426"]
[BlackElo "2226"]
[PlyCount "63"]
[EventDate "2022.??.??"]
[SourceVersionDate "2020.03.16"]
[WhiteTeam "SV Mülheim-Nord 2"]
[BlackTeam "SV Wattenscheid 1"]

1. d4 d5 2. Bf4 Nf6 3. e3 e6 4. Nf3 Bd6 5. Bg3 O-O 6. Nbd2 c5 7. c3 Qc7 8. Ne5
Nc6 9. f4 Ne7 10. Bd3 Nf5 11. Bf2 Be7 12. Qf3 Nd6 13. Bh4 c4 14. Bc2 b5 15.
Bxf6 Bxf6 16. g4 Bb7 17. g5 Be7 18. h4 f5 19. gxf6 Bxf6 20. Qg4 Rae8 21. Ke2 b4
22. h5 bxc3 23. Bxh7+ Kxh7 24. h6 g6 25. Qxg6+ Kh8 26. Rag1 Bxe5 27. fxe5 Nf5
28. Qg7+ Nxg7 29. hxg7+ Kg8 30. Rh8+ Kf7 31. gxf8=Q+ Rxf8 32. Rh7+ 1-0

[Event "SV Wattenscheid 1 - SV Mülheim-Nord 2"]
[Site "Oberliga NRW 2021/2022"]
[Date "2022.03.13"]
[Round "7.2"]
[White "Straeter, Timo"]
[Black "Rezazadeh, Amir"]
[Result "0-1"]
[WhiteElo "2275"]
[BlackElo "2302"]
[Annotator "daniel"]
[PlyCount "72"]
[EventDate "2022.??.??"]
[SourceVersionDate "2020.03.16"]
[WhiteTeam "SV Wattenscheid 1"]
[BlackTeam "SV Mülheim-Nord 2"]

1. d4 d5 2. c4 e6 3. Nc3 a6 4. cxd5 exd5 5. Bf4 c6 6. e3 Bd6 7. Bxd6 Qxd6 8.
Bd3 Ne7 9. Qc2 g6 10. h4 h5 11. O-O-O Be6 12. Nge2 Nd7 13. Kb1 O-O-O 14. Rc1
Kb8 15. Na4 Bf5 16. Nf4 Ka7 17. Bxf5 Nxf5 18. Nd3 Qe7 19. Nac5 Nxc5 20. Nxc5
Nd6 21. g3 Ne4 22. Nxe4 dxe4 23. Qc5+ Qxc5 24. Rxc5 Rd5 25. Rxd5 cxd5 26. Rc1
Kb8 27. Rc5 Rd8 28. Kc2 Rd6 29. Kd2 b6 30. Rc3 Kb7 31. Ke2 Rc6 32. Kd2 Rf6 33.
Ke2 Rc6 34. Kd2 Kc7 35. a4 Kd7 36. Rb3 Ke6 {ZÜ} 0-1

[Event "SV Wattenscheid 1 - SV Mülheim-Nord 2"]
[Site "Oberliga NRW 2021/2022"]
[Date "2022.03.13"]
[Round "7.3"]
[White "Hausrath, Daniel"]
[Black "Wengenroth, Walter"]
[Result "1-0"]
[WhiteElo "2452"]
[BlackElo "2224"]
[PlyCount "47"]
[EventDate "2022.??.??"]
[SourceVersionDate "2020.03.16"]
[WhiteTeam "SV Mülheim-Nord 2"]
[BlackTeam "SV Wattenscheid 1"]

1. Nf3 d5 2. g3 Nf6 3. Bg2 e6 4. d4 Be7 5. c4 O-O 6. Qc2 c6 7. O-O b6 8. Rd1
Nbd7 9. b3 a5 10. Nbd2 a4 11. bxa4 Bb7 12. Bb2 Qb8 13. Bc3 c5 14. a5 bxa5 15.
Rab1 Qa7 16. Ne5 Rfc8 17. e3 cxd4 18. Bxd4 Bc5 19. Nxd7 Bxd4 20. exd4 Nxd7 21.
c5 e5 22. Nc4 exd4 23. Nd6 d3 24. Qxd3 1-0

[Event "SV Wattenscheid 1 - SV Mülheim-Nord 2"]
[Site "Oberliga NRW 2021/2022"]
[Date "2022.03.13"]
[Round "7.4"]
[White "Thiel, Thomas"]
[Black "Stillger, Bernhard"]
[Result "1/2-1/2"]
[WhiteElo "2223"]
[BlackElo "2238"]
[PlyCount "46"]
[EventDate "2022.??.??"]
[SourceVersionDate "2020.03.16"]
[WhiteTeam "SV Wattenscheid 1"]
[BlackTeam "SV Mülheim-Nord 2"]

1. e4 e5 2. Nf3 Nf6 3. Nxe5 d6 4. Nf3 Nxe4 5. d4 d5 6. Bd3 Bd6 7. O-O O-O 8. c4
c6 9. cxd5 cxd5 10. Nc3 Re8 11. Re1 Nxc3 12. bxc3 Rxe1+ 13. Qxe1 Nd7 14. Rb1 h6
15. h3 b6 16. c4 Ba6 17. Qe2 Bxc4 18. Bxc4 dxc4 19. Qxc4 Rc8 20. Qa4 Rc7 21.
Be3 Qa8 22. Rc1 Rxc1+ 23. Bxc1 Qb7 1/2-1/2

[Event "SV Wattenscheid 1 - SV Mülheim-Nord 2"]
[Site "Oberliga NRW 2021/2022"]
[Date "2022.03.13"]
[Round "7.5"]
[White "Kahleys, Kevin"]
[Black "Hirsch, Stefan"]
[Result "1-0"]
[WhiteElo "2166"]
[BlackElo "2124"]
[PlyCount "109"]
[EventDate "2022.??.??"]
[SourceVersionDate "2020.03.16"]
[WhiteTeam "SV Mülheim-Nord 2"]
[BlackTeam "SV Wattenscheid 1"]

1. d4 Nf6 2. Nf3 g6 3. g3 b5 4. Bg2 Bb7 5. O-O Bg7 6. a4 b4 7. c4 a5 8. Re1 O-O
9. Nbd2 d6 10. e4 e5 11. d5 Nbd7 12. Nb3 Qe7 13. Qc2 Nc5 14. Nxc5 dxc5 15. h3
Nd7 16. g4 h6 17. Be3 Kh7 18. Nd2 Bf6 19. Nf3 Bg5 20. Qd2 Bxe3 21. Qxe3 Nb6 22.
Bf1 Bc8 23. Nd2 Kg7 24. f4 f6 25. Nb3 Nd7 26. f5 g5 27. Be2 Ra6 28. Kf2 Rh8 29.
Rh1 Bb7 30. Rh2 Bc8 31. Rah1 Bb7 32. h4 Bc8 33. Bd1 Bb7 34. Nd2 Rh7 35. Nf3 Nf8
36. Ne1 Bc8 37. Nd3 Nd7 38. Qg3 Bb7 39. Rh3 Bc8 40. Qh2 Bb7 41. Ne1 Kg8 42.
hxg5 fxg5 43. Nd3 Rf6 44. Ke1 Bc8 45. Kd2 Ba6 46. b3 Bb7 47. Ne1 Qg7 48. Kc2
Rd6 49. Nf3 Bc8 50. Qd2 Nf6 51. Qe3 Nxg4 52. Qxc5 Bxf5 53. exf5 e4 54. Nxg5
Qxg5 55. Bxg4 1-0

[Event "SV Wattenscheid 1 - SV Mülheim-Nord 2"]
[Site "Oberliga NRW 2021/2022"]
[Date "2022.03.13"]
[Round "7.6"]
[White "Leveikina, Jevgenija"]
[Black "Hoenig, Alexander"]
[Result "0-1"]
[WhiteElo "1995"]
[BlackElo "2176"]
[Annotator "daniel"]
[PlyCount "52"]
[EventDate "2022.??.??"]
[SourceVersionDate "2020.03.16"]
[WhiteTeam "SV Wattenscheid 1"]
[BlackTeam "SV Mülheim-Nord 2"]

1. d4 d5 2. Nf3 Nf6 3. Bf4 g6 4. e3 Nh5 5. Be5 f6 6. Bg3 Nxg3 7. hxg3 Be6 8.
Nbd2 $11 Nd7 9. c4 c6 10. Qc2 Bf7 11. cxd5 Bxd5 12. Bd3 Bf7 13. Bc4 Bxc4 14.
Nxc4 Nb6 15. Rxh7 Rxh7 16. Qxg6+ Rf7 17. Nce5 fxe5 18. Nxe5 Qd5 19. e4 Qa5+ 20.
Kf1 O-O-O 21. Qxf7 Qb5+ 22. Kg1 Qxb2 23. Rd1 Qc2 24. Qe6+ Kc7 25. Rd3 Qc1+ 26.
Kh2 Rd6 0-1

[Event "SV Wattenscheid 1 - SV Mülheim-Nord 2"]
[Site "Oberliga NRW 2021/2022"]
[Date "2022.03.13"]
[Round "7.8"]
[White "Peter, Thomas"]
[Black "Hausrath, Michaela"]
[Result "1-0"]
[WhiteElo "2128"]
[BlackElo "1674"]
[PlyCount "77"]
[EventDate "2022.??.??"]
[SourceVersionDate "2020.03.16"]
[WhiteTeam "SV Wattenscheid 1"]
[BlackTeam "SV Mülheim-Nord 2"]

1. e4 c5 2. Nf3 Nc6 3. Nc3 Nf6 4. d3 d6 5. Be3 Bg4 6. Be2 e6 7. Nd2 Bxe2 8.
Nxe2 d5 9. O-O Be7 10. Ng3 O-O 11. f4 d4 12. Bf2 Re8 13. a3 Bf8 14. Nh5 Nxh5
15. Qxh5 g6 16. Qh3 Qc7 17. Bh4 Be7 18. e5 Bxh4 19. Qxh4 Qe7 20. Qh3 Kg7 21.
Ne4 Rh8 22. Qg3 h6 23. h4 h5 24. Rf3 Raf8 25. Nf6 Qc7 26. Qg5 Ne7 27. g4 hxg4
28. Qxg4 Nd5 29. h5 Nxf6 30. exf6+ Kxf6 31. hxg6 fxg6 32. Re1 Qd6 33. Rg3 Rhg8
34. Re5 Qe7 35. Rg2 Rd8 36. Rge2 Rd6 37. f5 Rg7 38. Rxe6+ Rxe6 39. Rxe6+ 1-0

[Event "SF Brackel 1 - SV Wattenscheid 1"]
[Site "Oberliga NRW 2021/2022"]
[Date "2022.04.10"]
[Round "8.1"]
[White "Koscielski, Janusz"]
[Black "Fiebig, Thomas"]
[Result "0-1"]
[WhiteElo "2226"]
[BlackElo "2415"]
[PlyCount "124"]
[EventDate "2022.??.??"]
[SourceVersionDate "2020.03.16"]
[WhiteTeam "SV Wattenscheid 1"]
[BlackTeam "SF Brackel 1"]

1. e4 c6 2. d4 d5 3. exd5 cxd5 4. Bd3 Nc6 5. c3 Qc7 6. h3 g6 7. Nf3 Bf5 8. Bxf5
gxf5 9. Qe2 e6 10. O-O Nf6 11. Ne5 Nxe5 12. dxe5 Nd7 13. Re1 Bg7 14. Bf4 Rc8
15. Nd2 a6 16. Rad1 Nf8 17. a3 Ng6 18. Qe3 Qc5 19. Qg3 h5 20. Bg5 h4 21. Qh2
Qb6 22. Rb1 Bf8 23. Be3 Bc5 24. Nf3 Rg8 25. Kh1 Qd8 26. Bg5 Qb6 27. Be3 Bxe3
28. Rxe3 f4 29. Rd3 Qxf2 30. Rd2 Qc5 31. Rf1 Rh8 32. Nd4 Rh5 33. Rdf2 Qe7 34.
Ne2 Rc4 35. Nxf4 Nxf4 36. Rxf4 Rxf4 37. Qxf4 Rf5 38. Qc1 Rxf1+ 39. Qxf1 Qg5 40.
Qe1 Qf4 41. Qe2 Ke7 42. Kg1 Kf8 43. Qf2 Qg5 44. Qb6 Qxe5 45. Qxb7 Qe1+ 46. Kh2
Qe5+ 47. Kg1 Qe3+ 48. Kh2 Kg7 49. Qb4 Qg3+ 50. Kg1 Qe1+ 51. Kh2 f5 52. Qb7+ Kf6
53. Qxa6 Qg3+ 54. Kh1 f4 55. Qe2 e5 56. a4 e4 57. Kg1 f3 58. Qf2 Qf4 59. gxf3
e3 60. Qe2 Qg3+ 61. Kf1 Qxh3+ 62. Ke1 Qh1+ 0-1

[Event "SF Brackel 1 - SV Wattenscheid 1"]
[Site "Oberliga NRW 2021/2022"]
[Date "2022.04.10"]
[Round "8.2"]
[White "Luft, Dennis"]
[Black "Straeter, Timo"]
[Result "0-1"]
[WhiteElo "2263"]
[BlackElo "2275"]
[PlyCount "104"]
[EventDate "2022.??.??"]
[SourceVersionDate "2020.03.16"]
[WhiteTeam "SF Brackel 1"]
[BlackTeam "SV Wattenscheid 1"]

1. e4 e5 2. Nf3 Nc6 3. Bc4 Bc5 4. c3 Nf6 5. d4 exd4 6. e5 d5 7. Bb5 Ne4 8. cxd4
Bb6 9. Nc3 O-O 10. Be3 Bg4 11. h3 Bh5 12. Qc2 Bg6 13. Qb3 Ne7 14. O-O c6 15.
Bd3 Nf5 16. Qc2 Nxe3 17. fxe3 Ng5 18. Bxg6 hxg6 19. b4 Ne6 20. Na4 Rc8 21. Qd3
a5 22. Rab1 Ba7 23. b5 Qe7 24. b6 Bb8 25. Rfc1 Rce8 26. Rb3 Ng5 27. Rf1 Nxf3+
28. Rxf3 f6 29. e6 Bd6 30. Qxg6 Qxe6 31. Nc5 Bxc5 32. dxc5 Qe4 33. Qxe4 Rxe4
34. Ra3 Ra8 35. Rc3 Rae8 36. g3 Ra4 37. Rc2 Kf7 38. Kf2 Ree4 39. Rf4 Rac4 40.
Rd2 Rxf4+ 41. gxf4 Rxc5 42. e4 Ke6 43. exd5+ Rxd5 44. Re2+ Kd7 45. Kg3 c5 46.
Kf3 Kc6 47. Re7 Kxb6 48. Rxg7 c4 49. Rg1 Kc5 50. Rc1 b5 51. h4 b4 52. Kg4 a4
0-1

[Event "SF Brackel 1 - SV Wattenscheid 1"]
[Site "Oberliga NRW 2021/2022"]
[Date "2022.04.10"]
[Round "8.3"]
[White "Wengenroth, Walter"]
[Black "Kartsev, Soel"]
[Result "1-0"]
[WhiteElo "2224"]
[BlackElo "2193"]
[PlyCount "73"]
[EventDate "2022.??.??"]
[SourceVersionDate "2020.03.16"]
[WhiteTeam "SV Wattenscheid 1"]
[BlackTeam "SF Brackel 1"]

1. e4 e5 2. Nf3 Nf6 3. Nc3 Nc6 4. d4 exd4 5. Nxd4 Bb4 6. Nxc6 Bxc3+ 7. bxc3
dxc6 8. Qxd8+ Kxd8 9. Bd3 Be6 10. O-O c5 11. f3 c4 12. Be2 b5 13. Rd1+ Kc8 14.
a4 c6 15. Rd6 Kb7 16. axb5 cxb5 17. Be3 Rhd8 18. Rxd8 Rxd8 19. Rxa7+ Kb8 20.
Ra5 Bd7 21. Kf2 Bc6 22. Ra6 Rc8 23. Bd4 Ne8 24. Ke3 f6 25. f4 Kc7 26. Ra7+ Bb7
27. Bf3 Ra8 28. Rxb7+ Kxb7 29. e5+ Kb8 30. Bxa8 Kxa8 31. Ke4 fxe5 32. Bxe5 Kb7
33. Kd5 Kb6 34. g4 Ka5 35. Kc5 Ka4 36. f5 h6 37. h4 1-0

[Event "SF Brackel 1 - SV Wattenscheid 1"]
[Site "Oberliga NRW 2021/2022"]
[Date "2022.04.10"]
[Round "8.4"]
[White "Fluechter, Gregor"]
[Black "Sandkamp, Ralph"]
[Result "1-0"]
[WhiteElo "2230"]
[BlackElo "2190"]
[PlyCount "81"]
[EventDate "2022.??.??"]
[SourceVersionDate "2020.03.16"]
[WhiteTeam "SF Brackel 1"]
[BlackTeam "SV Wattenscheid 1"]

1. e4 c5 2. f4 e6 3. Nf3 d5 4. Bb5+ Bd7 5. Bxd7+ Qxd7 6. Ne5 Qc7 7. exd5 exd5
8. Nc3 Nf6 9. Qf3 Bd6 10. Nxd5 Nxd5 11. Qxd5 Bxe5 12. fxe5 O-O 13. O-O Nd7 14.
d3 Rae8 15. Bf4 Re6 16. Rae1 Rfe8 17. c3 Nf8 18. Bg3 Ng6 19. Rf3 h5 20. h4 Qe7
21. Ref1 Rf8 22. Rf5 Rd8 23. Qc4 Rd7 24. Rxh5 Qd8 25. Rhf5 Rxd3 26. Rxf7 Qd5
27. Qxd5 Rxd5 28. Rxb7 Re7 29. Rb8+ Kh7 30. Rf5 Nxe5 31. Rxe5 Rexe5 32. Bxe5
Rxe5 33. Kf2 Rf5+ 34. Ke2 Re5+ 35. Kd3 Rd5+ 36. Kc4 Rd2 37. Kxc5 Rxg2 38. a4 a5
39. b4 Rg4 40. bxa5 Rxh4 41. c4 1-0

[Event "SF Brackel 1 - SV Wattenscheid 1"]
[Site "Oberliga NRW 2021/2022"]
[Date "2022.04.10"]
[Round "8.5"]
[White "Thiel, Thomas"]
[Black "Steinmetzer, Thomas"]
[Result "1-0"]
[WhiteElo "2223"]
[BlackElo "2202"]
[PlyCount "75"]
[EventDate "2022.??.??"]
[SourceVersionDate "2020.03.16"]
[WhiteTeam "SV Wattenscheid 1"]
[BlackTeam "SF Brackel 1"]

1. e4 e5 2. Nf3 Nc6 3. d4 exd4 4. Nxd4 Bc5 5. Nb3 Bb6 6. Nc3 Nf6 7. Qe2 O-O 8.
Bg5 h6 9. Bh4 a5 10. a4 g5 11. Bg3 d5 12. O-O-O d4 13. h4 g4 14. Bf4 Kg7 15. f3
Be6 16. h5 Qe7 17. Nb5 Rad8 18. Kb1 d3 19. Rxd3 Rxd3 20. Qxd3 Rd8 21. Qc3 Rd1+
22. Nc1 Nb4 23. fxg4 Na2 24. Qf3 Bxg4 25. Qg3 Nxc1 26. Bxc1 Qd7 27. Nc3 Nxh5
28. Rxh5 Rxf1 29. Rf5 Rxc1+ 30. Kxc1 h5 31. Rxh5 Be3+ 32. Kb1 Bf4 33. Qxf4 Bxh5
34. Qe5+ Kh6 35. Nd5 Qxa4 36. Qh8+ Kg5 37. Qf6+ Kg4 38. Qf4# 1-0